Konsolidovaná účtovná závierka za rok 2024
Koncom apríla 2025 uplynul hraničný termín, kedy si mali účtovné jednotky samosprávy splniť povinnosť zverejnenia individuálnej účtovnej závierky za účtovné obdobie roku 2024 v registri účtovných závierok. Využitie individuálnych účtovných závierok však ich zverejnením nekončí. Sú základom pre konso...
Na minha lista:
| Autor principal: | |
|---|---|
| Formato: | Capítulo de Livro |
| Idioma: | eslovaco |
| Assuntos: | |
| Tags: |
Sem tags, seja o primeiro a adicionar uma tag!
|
MARC
| LEADER | 00000naa a2200000 4500 | ||
|---|---|---|---|
| 001 | 0308722 | ||
| 005 | 20250523095307.1 | ||
| 041 | 0 | |a slo | |
| 044 | |a SK | ||
| 245 | 1 | 0 | |a Konsolidovaná účtovná závierka za rok 2024 |c Miriam Majorová |
| 520 | |a Koncom apríla 2025 uplynul hraničný termín, kedy si mali účtovné jednotky samosprávy splniť povinnosť zverejnenia individuálnej účtovnej závierky za účtovné obdobie roku 2024 v registri účtovných závierok. Využitie individuálnych účtovných závierok však ich zverejnením nekončí. Sú základom pre konsolidované účtovné závierky. | ||
| 610 | 2 | 0 | |a obce |
| 610 | 2 | 0 | |a účty |
| 610 | 2 | 0 | |a výkazy finančné |
| 610 | 2 | 0 | |a závierka účtovná konsolidovaná |
| 610 | 2 | 0 | |a jednotka účtovná |
| 610 | 2 | 0 | |a legislatíva |
| 610 | 2 | 0 | |a kapitál |
| 610 | 2 | 0 | |a súvaha |
| 100 | 1 | |a Majorová, Miriam | |